000 00469nam a22001697a 4500
005 20251108164019.0
008 250721s1994 xx 000 0 ara d
082 1 4 _a320.4/فري
100 1 _aالنقاش، فريده
245 1 0 _aيوميات الحب والغضب /
264 1 _aالقاهرة :
_bدار شرقيات،
_c1994.
300 _a131ص
650 1 7 _aالعلوم السياسية
650 1 7 _aالمقالات
942 _2ddc
_cBK
999 _c1411
_d1411